| 000 | 01109nam a2200325 i 4500 | ||
|---|---|---|---|
| 001 | 8995 | ||
| 003 | KOSZ 005 | ||
| 005 | 20200514121003.0 | ||
| 008 | 071205s1967 pl a f f 001 0 pol | ||
| 015 | _aPB 1967/3981 | ||
| 040 |
_aWA N _cWA N _dKOSZ 005/RW |
||
| 041 | 1 |
_apol _hrus |
|
| 080 | _a669.017 | ||
| 080 | _a(07) | ||
| 100 | 1 | _aGulâev, Aleksandr Pavlovič. | |
| 245 | 1 | 0 |
_aMetaloznawstwo / _cA. P. Gulajew ; [tł. Szczepan Chodkowski]. |
| 246 | 1 |
_iTyt. oryg.: _aMetallovedenie. |
|
| 250 | _aWyd. 3. przer. i uzup. | ||
| 260 |
_aKatowice : _bŚląsk, _c1967. |
||
| 300 |
_a601, [2] s., [1] k. tabl. : _bil. ; _c25 cm. |
||
| 380 | _aKsiążki | ||
| 504 | _aBibliogr. s. 593-[594]. Indeks. | ||
| 521 | 8 | _aPodręcznik dla inżynierów, technologów, konstruktorów i studentów. | |
| 655 | 4 | _aPodręcznik | |
| 650 | 4 | _aMetaloznawstwo | |
| 710 | 2 |
_aWydawnictwo "Śląsk" _4pbl. |
|
| 700 | 1 |
_aChodkowski, Szczepan _eTłumaczenie |
|
| 856 |
_uhttp://koha.tu.koszalin.pl/cgi-bin/koha/opac-detail.pl?biblionumber=8995 _yKatalog online BPK |
||
| 942 |
_2UKD _cKS |
||
| 999 |
_c8995 _d8995 |
||